| 000 | 00618nam a22002057a 4500 | ||
|---|---|---|---|
| 003 | DO-SdBNP | ||
| 005 | 20171128150533.0 | ||
| 008 | 171128b 1998 ck || 00| 0 spa d | ||
| 020 | _a9789589498262 | ||
| 040 |
_aBPMSU _bspa _cBPMSU |
||
| 082 |
_axxxxx _bxxxxx |
||
| 100 | 1 | _aAmador Montaño, José Francisco | |
| 245 | 1 |
_aInformática en el aula 8 / _cJosé Francisco Amador Montaño |
|
| 260 |
_aColombia : _bPrentice-Hall, _c1998. |
||
| 300 |
_a160 p. : _bil. ; _c28 cm. |
||
| 500 | _aBibliografía : p. 160 | ||
| 942 |
_2ddc _cBK |
||
| 945 | _aInventariado extranjero / 2017 BT | ||
| 956 |
_aBTAVAREZ _b10 _c20171128 _d0038 |
||
| 999 |
_c13181 _d13181 |
||